[Event "Wetherby 4NCL op-B 6th"]
[Site "Wetherby"]
[Date "2016.01.08"]
[Round "1"]
[White "Dean, Robert A"]
[Black "Woollard, John"]
[Result "1-0"]
[WhiteElo "1824"]
[BlackElo "1690"]
[PlyCount "55"]
[EventDate "2016.01.08"]
[EventType "swiss"]
[EventRounds "5"]
[EventCountry "ENG"]
[SourceTitle "CBM 170 Extra"]
[Source "ChessBase"]
[SourceDate "2016.02.25"]
[SourceVersion "1"]
[SourceVersionDate "2016.02.25"]
[SourceQuality "1"]

1. e4 c5 2. f4 g6 3. Nf3 Bg7 4. Bc4 Nc6 5. 0-0 d6 6. Nc3 Nf6 7. d3 0-0 8. Qe1 Na5 9. Qh4 Nxc4 10. dxc4 e6 11. Rd1 a6 12. e5 Nd7 13. Qxd8 Rxd8 14. Rxd6 Bf8 15. Rd3 b6 16. Be3 Bb7 17. Rad1 Bc6 18. Ng5 Be7 19. Nge4 f6 20. exf6 Nxf6 21. Ng5 Rxd3 22. Rxd3 Bd7 23. Nce4 Ra7 24. Nd6 h6 25. Nf3 Ne8 26. Nxe8 Bxe8 27. Bd2 Bf6 28. Rd6 1-0

[Event "Sunningdale e2e4 U1800 op 04"]
[Site "Sunningdale"]
[Date "2014.04.19"]
[Round "4"]
[White "Woollard, John"]
[Black "McLaren, Charlie"]
[Result "0-1"]
[WhiteElo "1630"]
[BlackElo "1779"]
[PlyCount "64"]
[EventDate "2014.04.17"]
[EventType "swiss"]
[EventRounds "7"]
[EventCountry "ENG"]
[SourceTitle "EXT 2015"]
[Source "ChessBase"]
[SourceDate "2014.11.20"]
[SourceVersion "1"]
[SourceVersionDate "2014.11.20"]
[SourceQuality "1"]

1. c4 g6 2. g3 Bg7 3. Bg2 Nf6 4. Nf3 d6 5. d4 0-0 6. Nc3 Nbd7 7. 0-0 e5 8. dxe5 dxe5 9. e4 c6 10. Qe2 Qc7 11. Be3 Ng4 12. Bd2 f5 13. Nh4 Nc5 14. h3 Nf6 15. exf5 gxf5 16. Be3 Na6 17. f4 e4 18. Bd4 Kh8 19. Rad1 Be6 20. Be5 Qf7 21. b3 Nc5 22. Bd6 Nd3 23. Bxf8 Rxf8 24. Na4 Nh5 25. Kh2 b5 26. Nb2 Nxb2 27. Rd2 Nd3 28. cxb5 cxb5 29. Rc2 Bf6 30. Rc7 Qxc7 31. Qxh5 Qf7 32. Qe2 Rg8 0-1

[Event "Sunningdale e2e4 U1800 op 04"]
[Site "Sunningdale"]
[Date "2014.04.18"]
[Round "2"]
[White "Woollard, John"]
[Black "Shore, James R"]
[Result "1-0"]
[WhiteElo "1630"]
[BlackElo "1680"]
[PlyCount "55"]
[EventDate "2014.04.17"]
[EventType "swiss"]
[EventRounds "7"]
[EventCountry "ENG"]
[SourceTitle "EXT 2015"]
[Source "ChessBase"]
[SourceDate "2014.11.20"]
[SourceVersion "1"]
[SourceVersionDate "2014.11.20"]
[SourceQuality "1"]

1. c4 e6 2. g3 c6 3. Bg2 d5 4. b3 Nf6 5. Nf3 Bc5 6. d4 Bb4+ 7. Bd2 Qa5 8. 0-0 Bxd2 9. Qxd2 Qxd2 10. Nbxd2 0-0 11. Ne5 Nbd7 12. f4 Nxe5 13. fxe5 Ne8 14. e4 Nc7 15. Rf2 f5 16. Raf1 Bd7 17. exd5 exd5 18. cxd5 Nxd5 19. Nc4 b5 20. Bxd5+ cxd5 21. Nd6 g6 22. Rc1 b4 23. Rc7 Rad8 24. Nb7 Rc8 25. Rfc2 Rxc7 26. Rxc7 Rc8 27. Rxd7 Rc1+ 28. Kg2 1-0